000 00347nam a22001457a 4500
008 230531b ||||| |||| 00| 0 eng d
020 _a9781942041689
041 _aeng
080 _2FOURTH EDITION
_a338
082 _a338BIE
100 _a23
101 _aMBE
245 _aMANAGEMENT PRINCIPLES AND APPLICATIONS
_cBIERMAN.L
942 _2udc
_cBK
999 _c59880
_d59880